Art of the Embroiderer (Record no. 1275)
[ view plain ]
| 000 -CABECERA | |
|---|---|
| campo de control de longitud fija | 01003nam a2200241 a 4500 |
| 001 - NÚMERO DE CONTROL | |
| campo de control | BRCA_1413 |
| 005 - FECHA Y HORA DE LA ÚLTIMA TRANSACCIÓN | |
| campo de control | 20190320203421.0 |
| 008 - DATOS DE LONGITUD FIJA--INFORMACIÓN GENERAL | |
| campo de control de longitud fija | 821217s1983 caua---###---l001-0#eng-# |
| 020 ## - NÚMERO INTERNACIONAL ESTÁNDAR DEL LIBRO | |
| Número Internacional Estándar del Libro | 0875871100 |
| 041 ## - CÓDIGO DE LENGUA | |
| Código de lengua del texto/banda sonora o título independiente | engfre |
| 050 #4 - SIGNATURA TOPOGRÁFICA DE LA BIBLIOTECA DEL CONGRESO | |
| Número de clasificación | NK9204 |
| Número de documento/Ítem | .S24 1983 |
| 100 1# - ENTRADA PRINCIPAL--NOMBRE DE PERSONA | |
| Nombre de persona | Saint-Aubin, Charles Germain de |
| Fechas asociadas al nombre | 1721-1786 |
| 9 (RLIN) | 4615 |
| 245 10 - MENCIÓN DE TÍTULO | |
| Título | Art of the Embroiderer |
| Mención de responsabilidad, etc. | by Charles Germain de Saint-Aubin designer to the King 1770 ; translated and annotated by Nikki Scheuer ; additional notes and commentaries by Edward Maeder. |
| 260 ## - PUBLICACIÓN, DISTRIBUCIÓN, ETC. | |
| Lugar de publicación, distribución, etc. | Los Ángeles, California |
| Nombre del editor, distribuidor, etc. | Los Angeles County Museum of Art |
| Fecha de publicación, distribución, etc. | 1983 |
| 300 ## - DESCRIPCIÓN FÍSICA | |
| Extensión | 192 p. |
| Otras características físicas | il. (algunas a color) |
| Dimensiones | 30 cm. |
| 500 ## - NOTA GENERAL | |
| Nota general | Traducción de : L´art du brodeur, with a facsim. reproduction of the French original of 1770 |
| 500 ## - NOTA GENERAL | |
| Nota general | Incluye índice alfabético |
| 650 14 - PUNTO DE ACCESO ADICIONAL DE MATERIA--TÉRMINO DE MATERIA | |
| Término de materia o nombre geográfico como elemento de entrada | Bordado |
| Subdivisión general | Trabajos tempranos a 1800 |
| 9 (RLIN) | 4616 |
| 700 1# - PUNTO DE ACCESO ADICIONAL--NOMBRE DE PERSONA | |
| Nombre de persona | Scheuer, Nikki |
| 9 (RLIN) | 4617 |
| 700 1# - PUNTO DE ACCESO ADICIONAL--NOMBRE DE PERSONA | |
| Nombre de persona | Maeder, Edward |
| 9 (RLIN) | 4618 |
| 710 2# - PUNTO DE ACCESO ADICIONAL--NOMBRE DE ENTIDAD CORPORATIVA | |
| Nombre de entidad corporativa o nombre de jurisdicción como elemento de entrada | Los Angeles County Museum of Art |
| 9 (RLIN) | 4619 |
| 942 ## - ELEMENTOS DE PUNTO DE ACCESO ADICIONAL (KOHA) | |
| Fuente del sistema de clasificación o colocación | Library of Congress Classification |
| Tipo de ítem Koha | Libros |
| Estado de retiro | Estado de pérdida | Estado dañado | No para préstamo | Localización permanente | Ubicación/localización actual | Fecha de adquisición | Total de préstamos | Signatura topográfica completa | Código de barras | Fecha visto por última vez | Precio válido a partir de | Tipo de ítem Koha |
|---|---|---|---|---|---|---|---|---|---|---|---|---|
| El ejemplar forma parte de la colección y puede ser consultado según las políticas vigentes. | Biblioteca del Museo Franz Mayer (Rogerio Casas-Alatriste) | Biblioteca del Museo Franz Mayer (Rogerio Casas-Alatriste) | 26/06/2008 | NK9204 .S24 1983 | 01939 | 22/03/2019 | 22/03/2019 | Libros |